000 00474nam a2200169Ia 4500
008 230917s9999||||xx |||||||||||||| ||und||
020 _cRS750
040 _e232864
_aMAIN
041 _aEnglish
082 _a820.9287 Y11W
100 _aYadav, Aayushi
245 0 _aWomen writers in Indian English literature
260 _aNew Delhi
_bR P Publications
_c2013
300 _avi, 232 p.
500 _a2317 29/03/2016 UBC15/7447 29/03/2016 Women Studies Centre
942 _cBK
999 _c18563
_d18563